000 01070nam a2200337 c 4500
999 _c51671
_d51671
001 51671
003 ES-MaCES
005 20201229104153.0
008 201229s2019 sp 000 ||spa d
017 _aM 40060-2019
_bDL
040 _aES-MaCES
_bspa
_cES-MaCES
245 0 0 _aComercio exterior del libro 2018
260 _aMadrid
_bAsociación de las Cámaras del Libro de España
_c[2019]
300 _a151 p.
_bgráf. col.
_c24 cm
541 _cGratuito
650 4 _alibro
_927873
650 4 _aedición
_929007
650 4 _aeditor
_929823
650 4 _asector económico
_930015
650 4 _acomercio internacional
_927958
650 4 _avolumen de exportaciones
_927982
650 4 _avolumen de importaciones
_927975
650 4 _aEspaña
_926964
650 7 _a2018
_939065
650 4 _acuadros estadísticos
_928890
653 1 0 _aPolíticas sectoriales
710 2 _935407
_aAsociación de las Cámaras del Libro de España
_eed.
787 0 _tComercio exterior del libro 2017
_w(ES-MaCES)51066
902 _aLIB Libro
942 _2CES
_cBK
_h5.2.